2025 NFL Draft Round 1 Picks - Statistics

General Stats
  • This quiz has been taken 37 times
  • The average score is 18 of 32
Answer Stats
Pick Player Team % Correct
1 Cam Ward Tennessee Titans
96%
2 Travis Hunter Jacksonville Jaguars
92%
3 Abdul Carter New York Giants
83%
6 Ashton Jeanty Las Vegas Raiders
79%
31 Jihaad Campbell Philadelphia Eagles
79%
4 Will Campbell New England Patriots
79%
25 Jaxson Dart New York Giants
75%
5 Mason Graham Cleveland Browns
75%
8 Tetairoa McMillan Carolina Panthers
75%
14 Tyler Warren Indianapolis Colts
67%
10 Colston Loveland Chicago Bears Minnesota Vikings
63%
19 Emeka Egbuka Tampa Bay Buccaneers
63%
23 Matthew Golden Green Bay Packers
58%
17 Shemar Stewart Cincinnati Bengals
58%
7 Armand Membou New York Jets
54%
22 Omarion Hampton Los Angeles Chargers
54%
11 Mykel Williams San Francisco 49ers
50%
28 Tyleik Williams Detroit Lions
50%
15 Jalon Walker Atlanta Falcons
46%
16 Walter Nolen Arizona Cardinals
46%
18 Grey Zabel Seattle Seahawks
42%
26 James Pearce Jr Atlanta Falcons
42%
9 Kelvin Banks New Orleans Saints
42%
27 Malaki Starks Baltimore Ravens
42%
12 Tyler Booker Dallas Cowboys
42%
21 Derrick Harmon Pittsburgh Steelers
38%
13 Kenneth Grant Miami Dolphins
38%
20 Jahdae Barron Denver Broncos
33%
30 Maxwell Hairston Buffalo Bills
33%
24 Donovan Jackson Minnesota Vikings
29%
32 Josh Simmons Kansas City Chiefs
29%
29 Josh Conerly Washington Commanders
25%
No matching quizzes found
Score Distribution
Percent of People with Each Score
Percentile by Number Answered
Your Score History
You have not taken this quiz